| 000 | 00408nam a2200145 i 4500 | ||
|---|---|---|---|
| 001 | 142187 | ||
| 003 | ES-MaACL | ||
| 005 | 20230906200451.0 | ||
| 007 | t| | ||
| 008 | 071003s1922 it ||||1| ita d | ||
| 100 | 1 |
_aVillani, Natale. _9115008 |
|
| 245 | 1 | 3 |
_aIl trebbiatore _b: commedia in tre atti / _cNatale Villani. |
| 260 |
_aMilano : _bSocietá Editrici Avanti, _c1922. |
||
| 852 |
_aES-MaACL _j1630-F-17 |
||
| 999 |
_c142187 _d142187 |
||